|
|
|
|
| LEADER |
00000nab a2200000 a 4500 |
| 001 |
vtls000817996 |
| 003 |
SK-MaSNL |
| 005 |
20260305031551.0 |
| 008 |
250429c2001 xo 0 slo |
| 015 |
|
|
|a SNBRA2002/12-40694
|
| 035 |
|
|
|a CLN000169651
|
| 035 |
|
|
|a urn:nbn:sk:snk-abp1e
|
| 035 |
|
|
|a (urnnbn)urn:nbn:sk:snk:ar-a03yui
|
| 035 |
|
|
|a (uuid)02247c8a-c110-45f0-b449-72fbbf022067
|
| 040 |
|
|
|a SNKBUCL
|b slo
|c SNKBUCL
|e AACR2
|
| 041 |
0 |
|
|a slo
|
| 044 |
|
|
|a xo
|c SK
|
| 080 |
|
|
|a 902.2(437.6):572
|2 1997
|
| 080 |
|
|
|a 572:902
|2 1997
|
| 100 |
1 |
|
|a Holec, Roman,
|d 1959-
|4 aut
|9 101521
|
| 245 |
1 |
0 |
|a Vyhodnotenie osteologického materiálu z archeologického výskumu na lokalite Stráne pod Tatrami
|c Peter Holec
|
| 300 |
|
|
|b Fotogr., obr. na s. 215-323. Mp., tab. na s. 14-26
|
| 504 |
|
|
|a Res. nem.
|
| 504 |
|
|
|a Bibliogr. odkazy
|
| 650 |
0 |
7 |
|a zvyšky kostrové zvieracie
|y neolit stredný
|z Stráne pod Tatrami (Slovensko)
|x analýza antropologická
|2 snkbucl
|9 1609763
|
| 651 |
|
7 |
|a Kežmarok (Slovensko : okres)
|2 snkbucl
|9 51824
|
| 651 |
|
7 |
|a Stráne pod Tatrami (Slovensko)
|2 snkbucl
|9 54531
|
| 655 |
|
7 |
|a články zo zborníkov
|2 snkbucl
|9 166140
|
| 773 |
0 |
|
|t Archeologické výskumy a nálezy na Slovensku v roku 2000
|d Nitra : Archeologický ústav SAV, 2001
|g S. 84-87
|z 8088709504
|
| 850 |
|
|
|a Slovenská národná knižnica
|
| 852 |
|
|
|a Slovenská národná knižnica
|
| 954 |
|
|
|a odborná, vedecká literatúra pôvodná (slovenská)
|2 lita
|
| 958 |
|
|
|a article27
|
| 958 |
|
|
|a SK
|
| 958 |
|
|
|a NB
|
| 958 |
|
|
|a OND
|
| 958 |
|
|
|a EUIPO
|
| 999 |
|
|
|c 3316621
|d 3318551
|